01737nam a2200337 a 4500001001200000003000800012006001900020007001500039008004100054010001700095020002800112040002100140035002000161043001200181050002200193082001500215100002400230245011700254260004900371300003200420490004400452504005100496505043600547533015200983651003401135655002901169710001701198830004101215856012601256999001701382ebr10091867CaPaEBRm u cr cn|||||||||050613s2005 nyuab sb 001 0 eng  z 2005016711 z019512216X (alk. paper) aCaPaEBRcCaPaEBR a(OCoLC)62276531 an-us---14aE839b.P38 2005eb04a973.922221 aPatterson, James T.10aRestless gianth[electronic resource] :bthe United States from Watergate to Bush v. Gore /cJames T. Patterson. aNew York :bOxford University Press,cc2005. axiii, 448 p. :bill., maps.1 aThe Oxford history of the United States aIncludes bibliographical references and index.0 aThe troubled 1970's -- Sex, families, stagflation -- The political world of the mid-1970s -- Carter, Reagan, and the rise of the right -- "Morning again in America" -- America and the world in the 1980's -- Bush 41 -- "Culture wars" and "decline" in the 1990's -- Immigration, multiculturalism, race -- Political wars of the early Clinton years -- Prosperity, partisanship, terrorism -- Impeachment and electoral crisis, 1998-2000. aElectronic reproduction.bPalo Alto, Calif. :cebrary,d2013.nAvailable via World Wide Web.nAccess may be limited to ebrary affiliated libraries. 0aUnited StatesxHistoryy1969- 7aElectronic books.2local2 aebrary, Inc. 0aOxford history of the United States.40uhttp://site.ebrary.com/lib/rucke/Doc?id=10091867zAn electronic book accessible through the World Wide Web; click to view c71164d71164